000 00746nam a2200241Ia 4500
003 OSt
005 20221005041041.0
006 a|||||r|||| 00| 0
007 ta
008 221004b |||||||| |||| 00| 0 eng d
020 _a0198070764
_c795
024 _a45309
037 _b203/2011-12, 21/10/2011, Classic Book Service
_cTextual
040 _aCRL
_cCRL
_beng
041 _2eng
_aeng
082 _aT2.2, P1
100 _aGovinda R. Ed.
245 0 _aWho goes to school?
_b Exploring exclusion in Indian education
260 _aDelhi
_bOxford University Press India
_c2011
650 _aEDUCATION
942 _hT2.2, P1
_cTEXL
_2cc
999 _c947906
_d947906